000
00414nam a2200145Ia 4500
008
100204s9999 xx 000 0 und d
082
_b
7333
100
_a
कुलकर्णी नलिनी द.
245
_a
सुदान
260
_b
"अक्षय साहित्य, पुणे 30"
300
_a
64
630
_a
सुदान
730
_a
सुदान
942
_c
BOOK
999
_c
451769
_d
451766